| 000 | 02542cam a2200373 i 4500 | ||
|---|---|---|---|
| 999 |
_c342400 _d342400 |
||
| 001 | 17890565 | ||
| 003 | NUST | ||
| 005 | 20171226105549.0 | ||
| 008 | 130918t20132013nyu 000 f eng c | ||
| 010 | _a 2013431177 | ||
| 020 | _a9780525953487 (hardback) | ||
| 020 | _a9780525953944 (export edition) | ||
| 035 | _a(OCoLC)ocn796756218 | ||
| 040 |
_aBTCTA _beng _cBTCTA _erda _dBDX _dGO9 _dWIM _dFN4 _dUPZ _dIUK _dHBP _dTZI _dSAP _dABG _dIJ5 _dVP@ _dLMR _dYDXCP _dCDX _dSINLB _dUBY _dDLC |
||
| 042 | _apcc | ||
| 050 | 0 | 0 |
_aPS3553.O225 _bS58 2013b |
| 082 | 0 | 0 |
_a813.54 _bCOB |
| 100 | 1 |
_aCoben, Harlan, _d1962- _97572 |
|
| 245 | 1 | 0 |
_aSix years / _cHarlan Coben. |
| 264 | 1 |
_aNew York : _bDutton, _c2013 |
|
| 264 | 4 | _c2013 | |
| 300 |
_a351 pages ; _c24 cm |
||
| 336 |
_atext _2rdacontent |
||
| 337 |
_aunmediated _2rdamedia |
||
| 338 |
_avolume _2rdacarrier |
||
| 520 | _aSix years have passed since Jake Sanders watched Natalie, the love of his life, marry another man. Six years of hiding a broken heart by throwing himself into his career as a college professor. Six years of keeping his promise to leave Natalie alone, and six years of tortured dreams of her life with her new husband, Todd. But six years haven't come close to extinguishing his feelings, and when Jake comes across Todd's obituary, he can't keep himself away from the funeral. There he gets the glimpse of Todd's wife he's hoping for . . . but she is not Natalie. Whoever the mourning widow is, she's been married to Todd for more than a decade, and with that fact everything Jake thought he knew about the best time of his life--a time he has never gotten over--is turned completely inside out. As Jake searches for the truth, his picture-perfect memories of Natalie begin to unravel. Mutual friends of the couple either can't be found or don't remember Jake. No one has seen Natalie in years. Jake's search for the woman who broke his heart, and who lied to him. soon puts his very life at risk as it dawns on him that the man he has become may be based on carefully constructed fiction. | ||
| 650 | 0 |
_aCollege teachers _vFiction. _97573 |
|
| 650 | 0 |
_aMissing persons _vFiction. _97574 |
|
| 650 | 0 |
_aUnrequited love _vFiction. _97575 |
|
| 655 | 7 |
_aMystery fiction. _2gsafd _95621 |
|
| 655 | 7 |
_aSuspense fiction. _2gsafd _94577 |
|
| 906 |
_a7 _bcbc _cpccadap _d2 _encip _f20 _gy-gencatlg |
||
| 942 |
_2ddc _cBK |
||